Thomas Frank's Brentford - Statistics

General Stats
  • This quiz has been taken 6 times
  • The average score is 32 of 91
Answer Stats
Rank Player Position Nationality Matches Goals Assists % Correct
1 Bryan Mbeumo Second Striker 242 70 51
100%
4 Christian Nørgaard Defensive Midfield 196 13 18
100%
3 Ethan Pinnock Centre-Back 208 12 7
100%
18 Keane Lewis-Potter Left Midfield 90 6 6
100%
6 Rico Henry Left-Back 189 5 12
100%
5 Vitaly Janelt Defensive Midfield 196 13 12
100%
9 Yoane Wissa Centre-Forward 149 49 13
100%
30 Ben Mee Centre-Back 67 5 2
83%
7 David Raya Goalkeeper 161 0 0
83%
12 Ivan Toney Centre-Forward 141 72 27
83%
8 Josh Dasilva Central Midfield 157 22 12
83%
26 Kevin Schade Left Winger 74 14 5
83%
17 Kristoffer Ajer Centre-Back 94 3 3
83%
24 Mark Flekken Goalkeeper 77 0 3
83%
2 Mathias Jensen Central Midfield 233 12 29
83%
16 Mikkel Damsgaard Attacking Midfield 97 3 15
83%
25 Nathan Collins Centre-Back 77 4 6
83%
36 Aaron Hickey Right-Back 37 0 1
67%
22 Frank Onyeka Central Midfield 78 1 4
67%
65 Igor Thiago Centre-Forward 8 0 0
67%
11 Mads Roerslev Right-Back 146 2 11
67%
29 Neal Maupay Centre-Forward 68 26 10
67%
14 Pontus Jansson Centre-Back 115 4 2
67%
21 Saïd Benrahma Left Winger 80 29 22
67%
43 Fábio Carvalho Attacking Midfield 24 3 3
50%
81 Gustavo Nunes Left Winger 3 0 0
50%
70 Hákon Valdimarsson Goalkeeper 5 0 0
50%
13 Henrik Dalsgaard Centre-Back 117 5 7
50%
28 Marcus Forss Centre-Forward 71 18 3
50%
53 Michael Kayode Right-Back 12 0 1
50%
20 Ollie Watkins Centre-Forward 83 34 8
50%
15 Saman Ghoddos Attacking Midfield 108 6 9
50%
38 Sepp van den Berg Centre-Back 35 0 1
50%
23 Shandon Baptiste Central Midfield 78 2 5
50%
31 Yegor Yarmolyuk Central Midfield 66 0 0
50%
55 Alan Judge Central Midfield 12 1 0
33%
58 Christian Eriksen Attacking Midfield 11 1 4
33%
45 Daniel Bentley Goalkeeper 23 0 0
33%
19 Emiliano Marcondes Attacking Midfield 84 7 12
33%
54 Halil Dervişoğlu Centre-Forward 12 1 1
33%
73 Ji-soo Kim Centre-Back 5 0 0
33%
27 Mads Bech Sørensen Centre-Back 71 4 0
33%
39 Romaine Sawyers Central Midfield 33 0 7
33%
10 Sergi Canós Left Winger 147 21 22
33%
32 Tariqe Fosu Left Winger 63 5 3
33%
68 Thomas Strakosha Goalkeeper 6 0 0
33%
57 Yunus Konak Defensive Midfield 12 0 0
33%
50 Álvaro Fernández Goalkeeper 16 0 0
17%
47 Charlie Goode Centre-Back 20 0 1
17%
83 Ellery Balcombe Goalkeeper 1 0 0
17%
37 Ezri Konsa Centre-Back 35 1 0
17%
61 Fin Stevens Right-Back 10 0 0
17%
76 Jonas Lössl Goalkeeper 3 0 0
17%
42 Luke Daniels Goalkeeper 26 0 0
17%
52 Mads Bidstrup Central Midfield 14 0 2
17%
89 Nathan Young-Coombes Right Winger 1 0 0
17%
64 Nico Yennaris Defensive Midfield 9 0 0
17%
51 Sergio Reguilón Left-Back 16 0 4
17%
59 Winston Reid Centre-Back 11 0 0
17%
46 Yoann Barbet Centre-Back 23 0 0
17%
35 Zanka Centre-Back 48 2 0
17%
79 Aaron Pressley Centre-Forward 3 0 0
0%
82 Alex Gilbert Attacking Midfield 2 0 0
0%
69 Chiedozie Ogbene Right Winger 6 0 0
0%
60 Chris Mepham Centre-Back 10 0 0
0%
48 Dominic Thompson Left-Back 19 0 1
0%
71 Dru Yearwood Central Midfield 5 0 0
0%
90 Ethan Brierley Central Midfield 1 0 0
0%
88 Fredrik Hammar Defensive Midfield 1 0 0
0%
78 Jaakko Oksanen Central Midfield 3 0 0
0%
41 Jan Zamburek Central Midfield 29 0 2
0%
74 Jayden Meghoma Left-Back 4 0 0
0%
44 Joel Valencia Attacking Midfield 24 1 0
0%
77 Josh Clarke Right-Back 3 0 0
0%
49 Josh McEachran Central Midfield 18 0 0
0%
33 Julian Jeanvier Centre-Back 53 4 0
0%
34 Kamohelo Mokotjo Defensive Midfield 50 4 4
0%
84 Lewis Gordon Left-Back 1 0 0
0%
67 Lewis Macleod Central Midfield 7 1 0
0%
63 Luka Racic Centre-Back 9 1 0
0%
80 Max Haygarth Left Winger 3 0 0
0%
56 Michael Olakigbe Right Winger 12 0 0
0%
40 Moses Odubajo Right-Back 32 0 1
0%
66 Myles Peart-Harris Attacking Midfield 8 0 0
0%
85 Nikolaj Kirk Central Midfield 1 0 0
0%
75 Nikolaos Karelis Centre-Forward 4 0 0
0%
62 Paris Maghoma Central Midfield 10 0 0
0%
86 Patrik Gunnarsson Goalkeeper 1 0 0
0%
72 Ryan Trevitt Central Midfield 5 0 0
0%
87 Tom Field Left-Back 1 0 0
0%
91 Tony Yogane Left Winger 1 0 0
0%
No matching quizzes found
Score Distribution
Percent of People with Each Score
Percentile by Number Answered
Your Score History
You have not taken this quiz